[Event "OBBEM Oberbayern 2014"]
[Site "Rosenheim"]
[Date "2014.05.31"]
[Round "6.3"]
[White "Straub, Jürgen, Dr."]
[Black "Schulz, Michael"]
[Result "1-0"]
[WhiteElo "2169"]
[BlackElo "2123"]
[Annotator "Frese, Daniel"]
[PlyCount "85"]
[SourceDate "2014.07.22"]

1. e4 e6 2. d3 d5 3. Nd2 c5 4. g3 Nc6 5. Bg2 g6 6. Ngf3 Bg7 7. O-O Nge7 8. Re1
b6 9. c3 Qc7 10. Qc2 O-O 11. Rb1 a5 12. a3 Ba6 13. b4 dxe4 14. dxe4 cxb4 15.
cxb4 axb4 16. axb4 Bb5 17. Bf1 Bxf1 18. Nxf1 Qb7 19. Be3 Rac8 20. Qd3 b5 21.
Rec1 Rfd8 22. Qe2 Ne5 23. Nxe5 Bxe5 24. Bc5 Nc6 25. Nd2 Nd4 26. Qe3 Nc6 27. Nb3
Rd7 28. f4 Bg7 29. e5 Rcd8 30. Bd6 Qa7 31. Qxa7 Nxa7 32. Nc5 Rxd6 33. exd6 Rxd6
34. Rd1 Bd4+ 35. Kf1 Nc6 36. Ne4 Rd5 37. Rd3 Kg7 38. Nc3 Bxc3 39. Rxc3 Nd4 40.
Rd1 h5 41. Rc5 Rd6 42. Kf2 f5 43. Rd3 1-0

[Event "OBBEM Oberbayern 2014"]
[Site "Rosenheim"]
[Date "2014.05.31"]
[Round "6.4"]
[White "Knoblauch, Leonhard"]
[Black "Prediger, Rupert"]
[Result "1/2-1/2"]
[WhiteElo "2018"]
[BlackElo "2162"]
[Annotator "Frese, Daniel"]
[PlyCount "34"]
[SourceDate "2014.07.22"]

1. d4 c5 2. d5 d6 3. e4 g6 4. Nf3 Bg7 5. g3 Nf6 6. Nc3 O-O 7. Bg2 b5 8. Nd2 b4
9. Ne2 Bb7 10. O-O Nbd7 11. Nc4 Nb6 12. Na5 Ba6 13. Nc6 Qc7 14. a3 bxa3 15.
Rxa3 Bb5 16. Na5 Rad8 17. Re1 Rb8 1/2-1/2

[Event "OBBEM Oberbayern 2014"]
[Site "Rosenheim"]
[Date "2014.05.31"]
[Round "6.5"]
[White "Lochte, Thomas"]
[Black "Walter, Stefan"]
[Result "1-0"]
[WhiteElo "2107"]
[BlackElo "1913"]
[Annotator "Frese, Daniel"]
[PlyCount "37"]
[SourceDate "2014.07.22"]

1. e4 e5 2. d4 d6 3. Bc4 Nd7 4. Nf3 c6 5. dxe5 dxe5 6. Ng5 Nh6 7. O-O Bc5 8.
Nf3 Ng8 9. Nbd2 Ngf6 10. Ng5 O-O 11. Ndf3 b5 12. Bb3 Qb6 13. Nxf7 Rxf7 14. Ng5
Bxf2+ 15. Rxf2 Nc5 16. Bxf7+ Kh8 17. Be3 Bg4 18. Qd6 Ncxe4 19. Be8 1-0

[Event "OBBEM Oberbayern 2014"]
[Site "Rosenheim"]
[Date "2014.05.31"]
[Round "6.6"]
[White "Frese, Daniel"]
[Black "Steinheimer, Jürgen"]
[Result "1/2-1/2"]
[WhiteElo "2019"]
[BlackElo "2103"]
[Annotator "Frese, Daniel"]
[PlyCount "33"]
[SourceDate "2014.07.22"]

1. e4 d5 2. exd5 Qxd5 3. Nc3 Qd6 4. d4 Nf6 5. Nf3 c6 6. Ne5 Nbd7 7. Nc4 Qc7 8.
Be3 Nb6 9. Nxb6 axb6 10. d5 e6 11. dxc6 bxc6 12. Qf3 Ra5 13. Qg3 Qxg3 14. hxg3
Bc5 15. Bxc5 Rxc5 16. Bd3 Ra5 17. Kd2 1/2-1/2

[Event "OBBEM Oberbayern 2014"]
[Site "Rosenheim"]
[Date "2014.05.31"]
[Round "6.7"]
[White "Lechermann, Markus"]
[Black "Deues, Erik"]
[Result "1/2-1/2"]
[WhiteElo "2045"]
[BlackElo "1964"]
[Annotator "Frese, Daniel"]
[PlyCount "82"]
[SourceDate "2014.07.22"]

1. d4 Nf6 2. Bf4 g6 3. e3 Bg7 4. Nf3 d6 5. h3 c6 6. c4 Nbd7 7. Nc3 O-O 8. Be2
Re8 9. O-O h6 10. Bh2 Nh7 11. Rc1 e5 12. b4 Qe7 13. b5 Ng5 14. Nxg5 hxg5 15.
Bf3 Nb8 16. bxc6 bxc6 17. dxe5 Bxe5 18. Bxe5 dxe5 19. Qb3 Bf5 20. Nd5 cxd5 21.
Bxd5 Na6 22. Bxa8 Rxa8 23. Qb5 Nc5 24. Rfd1 Rc8 25. Rd2 g4 26. hxg4 Bxg4 27. f3
Qg5 28. Kf2 Qh4+ 29. Kg1 Be6 30. e4 Qf4 31. Rcd1 Kg7 32. Rd8 Qe3+ 33. Kh2 Rxd8
34. Rxd8 Qh6+ 35. Kg1 Qe3+ 36. Kh2 Qh6+ 37. Kg1 Qe3+ 38. Kh2 Nd3 39. Qe8 Qf4+
40. Kg1 Qe3+ 41. Kh2 Qf4+ 1/2-1/2

[Event "OBBEM Oberbayern 2014"]
[Site "Rosenheim"]
[Date "2014.05.31"]
[Round "6.8"]
[White "Sandner, Michael"]
[Black "Muharemagic, Asim"]
[Result "1-0"]
[WhiteElo "1889"]
[BlackElo "1962"]
[Annotator "Frese, Daniel"]
[PlyCount "57"]
[SourceDate "2014.07.22"]

1. e4 c5 2. Nf3 Nc6 3. d4 cxd4 4. Nxd4 e5 5. Nb5 d6 6. N1c3 a6 7. Na3 b5 8. Nd5
Nce7 9. Nxe7 Bxe7 10. c4 Nf6 11. Bd3 bxc4 12. Nxc4 d5 13. exd5 Qxd5 14. O-O Bb7
15. Ne3 Qc6 16. Bd2 Rd8 17. Ba5 Rd4 18. Qc2 O-O 19. Qxc6 Bxc6 20. Nf5 Bc5 21.
Nxd4 Bxd4 22. Rac1 Bd5 23. Bc3 Bxc3 24. Rxc3 g5 25. Bxa6 Ra8 26. Rc8+ Rxc8 27.
Bxc8 Bxa2 28. Re1 e4 29. Bb7 1-0

[Event "OBBEM Oberbayern 2014"]
[Site "Rosenheim"]
[Date "2014.05.31"]
[Round "6.9"]
[White "Probst, Albert"]
[Black "Bergerhoff, Andreas"]
[Result "1-0"]
[WhiteElo "1928"]
[BlackElo "1947"]
[Annotator "Frese, Daniel"]
[PlyCount "73"]
[SourceDate "2014.07.22"]

1. f4 c5 2. Nf3 Nc6 3. b3 Nf6 4. Bb2 g6 5. e3 Bg7 6. Bb5 O-O 7. O-O d6 8. Qe2
Bd7 9. d3 a6 10. Bxc6 Bxc6 11. Nbd2 b5 12. e4 Nh5 13. Bxg7 Nxg7 14. g4 f5 15.
gxf5 gxf5 16. Ng5 e5 17. Qg2 Qf6 18. fxe5 dxe5 19. Rf3 h6 20. Nh3 Kh7 21. Kh1
Ne6 22. Rg1 Rg8 23. Rg3 Rxg3 24. Qxg3 c4 25. bxc4 Nc5 26. Qf2 Qf8 27. Ng5+ Kh8
28. Qh4 Ra7 29. cxb5 axb5 30. Ndf3 fxe4 31. Nxe5 exd3+ 32. Nxc6 Rg7 33. Qxh6+
Kg8 34. cxd3 Nxd3 35. Qe6+ Kh8 36. Qh3+ Kg8 37. Qxd3 1-0

[Event "OBBEM Oberbayern 2014"]
[Site "Rosenheim"]
[Date "2014.05.31"]
[Round "6.10"]
[White "Preßler, Paul"]
[Black "Schewzow, Juri"]
[Result "1-0"]
[WhiteElo "1782"]
[BlackElo "1797"]
[Annotator "Frese, Daniel"]
[PlyCount "46"]
[SourceDate "2014.07.22"]

1. Nf3 d5 2. e3 Nf6 3. c4 e6 4. b3 g6 5. Bb2 Bg7 6. Be2 O-O 7. O-O c5 8. cxd5
exd5 9. d4 b6 10. Nc3 Bb7 11. Rc1 Nbd7 12. Ba3 Re8 13. dxc5 bxc5 14. Na4 Ne4
15. Nxc5 Ndxc5 16. Bxc5 Qa5 17. Bd4 Bxd4 18. Qxd4 Qxa2 19. Rc7 Qxb3 20. Bd1 Qb5
21. Ba4 Qb6 22. Qxb6 axb6 23. Bxe8 Rxe8 1-0

[Event "OBBEM Oberbayern 2014"]
[Site "Rosenheim"]
[Date "2014.06.01"]
[Round "7.1"]
[White "Straub, Jürgen, Dr."]
[Black "Grawe, Christian"]
[Result "1/2-1/2"]
[WhiteElo "2169"]
[BlackElo "2246"]
[Annotator "Frese, Daniel"]
[PlyCount "166"]
[SourceDate "2014.07.22"]

1. c4 e5 2. Nc3 Nf6 3. Nf3 Nc6 4. d3 Bb4 5. Bd2 O-O 6. g3 Re8 7. Bg2 h6 8. O-O
d6 9. Rc1 Rb8 10. a3 Bxc3 11. Bxc3 Bf5 12. b4 Qd7 13. d4 e4 14. d5 Nxb4 15.
axb4 exf3 16. Bxf3 Ne4 17. Qd4 Nxc3 18. Rxc3 a6 19. c5 Qe7 {=} 20. Rfc1 Rbc8
21. Qf4 Qg5 22. Qxg5 hxg5 23. g4 Bd7 24. e3 Ra8 25. Ra1 Rec8 26. h3 Kf8 27. Be2
Be8 28. Bd3 g6 29. Ra5 Ke7 30. Rca3 Rab8 31. c6 bxc6 32. Bxa6 Rd8 33. dxc6 Rxb4
34. Bb7 Rc4 35. Rxg5 Bxc6 36. Bxc6 Rxc6 37. h4 Rh8 38. h5 gxh5 39. gxh5 Rc5 40.
Rxc5 dxc5 41. Ra6 Rxh5 42. Rc6 Kd7 43. Rf6 c4 44. Rxf7+ Kc6 45. Kf1 c3 46. Ke2
Rd5 47. Rf4 Rd2+ 48. Ke1 Kb5 49. Rd4 Rxf2 50. Kd1 c5 51. Rf4 Rd2+ 52. Kc1 Re2
53. Re4 c4 54. Re8 c2 55. Rd8 Kb4 56. Rd2 Rxe3 57. Kxc2 Ra3 58. Rd8 Ra2+ 59.
Kb1 Rh2 60. Rb8+ Kc3 61. Rc8 Rh1+ 62. Ka2 Rc1 63. Rh8 Rd1 64. Rc8 Rd2+ 65. Kb1
Rb2+ 66. Kc1 Rb7 67. Rh8 Kb3 68. Rh3+ c3 69. Rh8 Rb4 70. Rc8 Rb7 71. Rh8 Rd7
72. Rb8+ Kc4 73. Rc8+ Kd3 74. Rh8 Rd4 75. Rh3+ Kc4 76. Rh8 Kb3 77. Rb8+ Rb4 78.
Rc8 Rc4 79. Rxc4 Kxc4 80. Kc2 Kd4 81. Kc1 Kd3 82. Kd1 c2+ 83. Kc1 Kc3 1/2-1/2

[Event "OBBEM Oberbayern 2014"]
[Site "Rosenheim"]
[Date "2014.06.01"]
[Round "7.3"]
[White "Zill, Christoph"]
[Black "Schulz, Michael"]
[Result "1/2-1/2"]
[WhiteElo "2176"]
[BlackElo "2123"]
[Annotator "Frese, Daniel"]
[PlyCount "35"]
[SourceDate "2014.07.22"]

1. e4 c5 2. Nf3 Nc6 3. d4 cxd4 4. Nxd4 g6 5. Be2 Bg7 6. Nb3 Nf6 7. Nc3 O-O 8.
Bg5 a5 9. a4 d5 10. exd5 Nb4 11. Bf3 Bf5 12. Rc1 Qb6 13. Be3 Nxc2+ 14. Qxc2
Bxc2 15. Bxb6 Bxb3 16. O-O Nd7 17. Be3 Ne5 18. Be2 1/2-1/2

[Event "OBBEM Oberbayern 2014"]
[Site "Rosenheim"]
[Date "2014.06.01"]
[Round "7.4"]
[White "Schlichtmann, Robin"]
[Black "Knoblauch, Leonhard"]
[Result "1-0"]
[WhiteElo "2140"]
[BlackElo "2018"]
[Annotator "Frese, Daniel"]
[PlyCount "113"]
[SourceDate "2014.07.22"]

1. e4 c6 2. d4 d5 3. f3 dxe4 4. fxe4 e5 5. Nf3 Bg4 6. Bc4 Nd7 7. O-O Ngf6 8. c3
Bd6 9. Be3 O-O 10. Nbd2 Qc7 11. Qe1 Bh5 12. Qh4 Bg6 13. Rae1 Rae8 14. Bd3 b5
15. Bb1 c5 16. Kh1 a6 17. Bg5 cxd4 18. cxd4 exd4 19. Nxd4 Be5 20. N2f3 Bxd4 21.
Nxd4 Qc4 22. Nf5 Bxf5 23. Rxf5 Re6 24. Rf4 h6 25. Bxh6 gxh6 26. Qxh6 Nh7 27.
Rg4+ Rg6 28. Rxg6+ fxg6 29. Qxg6+ Kh8 30. Rg1 Ne5 31. Qg3 Qe6 32. h3 Qf6 33.
Rd1 Rg8 34. Qc3 Qg5 35. Rd2 Nf6 36. Rf2 b4 37. Qc7 Rg7 38. Qd8+ Ng8 39. Qd4
Qc1+ 40. Kh2 Ng4+ 41. hxg4 Nh6 42. Qd8+ Kh7 43. Qh4 Rxg4 44. e5+ Qxb1 45. Rf7+
Kg8 46. Qxh6 Rxg2+ 47. Kxg2 Kxf7 48. Qf6+ Ke8 49. e6 Qe4+ 50. Kf2 Qc2+ 51. Ke3
Qc1+ 52. Kd3 Qb1+ 53. Kc4 Qxa2+ 54. Kxb4 a5+ 55. Kc3 Qa4 56. Qf7+ Kd8 57. e7+
1-0

[Event "OBBEM Oberbayern 2014"]
[Site "Rosenheim"]
[Date "2014.06.01"]
[Round "7.6"]
[White "Steinheimer, Jürgen"]
[Black "Probst, Albert"]
[Result "0-1"]
[WhiteElo "2103"]
[BlackElo "1928"]
[Annotator "Frese, Daniel"]
[PlyCount "90"]
[SourceDate "2014.07.22"]

1. e4 g6 2. d4 Bg7 3. Nc3 c5 4. d5 d6 5. Nf3 Nf6 6. Bc4 O-O 7. O-O Nbd7 8. h3
a6 9. a4 h6 10. Re1 Ne8 11. Bf4 Qc7 12. Qe2 Kh7 13. e5 Nxe5 14. Nxe5 dxe5 15.
Bxe5 Bxe5 16. Qxe5 Qxe5 17. Rxe5 Nd6 18. Bf1 Bf5 19. Rxe7 Bxc2 20. Rae1 Rae8
21. f3 Kg7 22. Kf2 Rxe7 23. Rxe7 Rd8 24. a5 Bf5 25. Rc7 Rc8 26. Rxc8 Bxc8 27.
Na4 Kf6 28. f4 g5 29. g3 Ne4+ 30. Kf3 Nd2+ 31. Kf2 Nxf1 32. Kxf1 Bxh3+ 33. Kf2
gxf4 34. gxf4 Ke7 35. Nxc5 Kd6 36. Nxb7+ Kxd5 37. Ke3 Be6 38. Nd8 Kc5 39. f5
Bd5 40. b4+ Kxb4 41. Kd4 Bb3 42. Ke5 h5 43. Nc6+ Kc5 44. Nd4 Bd5 45. Ne6+ Bxe6
0-1

[Event "OBBEM Oberbayern 2014"]
[Site "Rosenheim"]
[Date "2014.06.01"]
[Round "7.7"]
[White "Deues, Erik"]
[Black "Frese, Daniel"]
[Result "1-0"]
[WhiteElo "1964"]
[BlackElo "2019"]
[Annotator "Frese, Daniel"]
[PlyCount "45"]
[SourceDate "2014.07.22"]

1. d4 Nf6 2. c4 g6 3. Nc3 d5 4. cxd5 Nxd5 5. e4 Nxc3 6. bxc3 Bg7 7. Bc4 c5 8.
Ne2 Nc6 9. Be3 O-O 10. O-O Bg4 11. f3 Bd7 12. Rb1 Qc7 13. d5 Ne5 14. Bb3 c4 15.
Bc2 f5 16. Kh1 b6 17. Nd4 Rad8 18. Bg5 Bf6 19. Bh6 Bg7 20. Bxg7 Kxg7 21. Qe2
fxe4 22. Qxe4 Bf5 23. Qxf5 1-0

[Event "OBBEM Oberbayern 2014"]
[Site "Rosenheim"]
[Date "2014.06.01"]
[Round "7.8"]
[White "Kretschel, Klaus"]
[Black "Sandner, Michael"]
[Result "1-0"]
[WhiteElo "2012"]
[BlackElo "1889"]
[Annotator "Frese, Daniel"]
[PlyCount "81"]
[SourceDate "2014.07.22"]

1. e4 e6 2. d4 d5 3. exd5 exd5 4. Nf3 Bd6 5. c4 Nf6 6. Nc3 O-O 7. cxd5 Re8+ 8.
Be2 h6 9. O-O Nbd7 10. Qc2 a6 11. Bc4 Nb6 12. Bb3 Qd7 13. Ne5 Qf5 14. Qxf5 Bxf5
15. h3 Rad8 16. g4 Bh7 17. f4 Ne4 18. f5 Nxc3 19. bxc3 Bxe5 20. dxe5 Nxd5 21.
c4 Nb4 22. Ba3 c5 23. Rad1 g6 24. e6 gxf5 25. Rxd8 Rxd8 26. gxf5 fxe6 27. fxe6
Re8 28. Rf6 a5 29. Bc1 Nc2 30. Bxh6 Be4 31. Ba4 Re7 32. Rf8+ Kh7 33. Rf7+ Kxh6
34. Rxe7 Nd4 35. Bd1 Nf5 36. Rc7 Bc6 37. e7 Nd6 38. Bg4 Ne8 39. Rxc6+ bxc6 40.
Bd7 Nd6 41. e8=Q 1-0

[Event "OBBEM Oberbayern 2014"]
[Site "Rosenheim"]
[Date "2014.06.01"]
[Round "7.9"]
[White "Walter, Stefan"]
[Black "Preßler, Paul"]
[Result "0-1"]
[WhiteElo "1913"]
[BlackElo "1782"]
[Annotator "Frese, Daniel"]
[PlyCount "100"]
[SourceDate "2014.07.22"]

1. e4 g6 2. f4 Bg7 3. Nf3 d5 4. e5 Bg4 5. d4 e6 6. h3 Bxf3 7. Qxf3 h5 8. Be3 h4
9. c4 Ne7 10. c5 Nf5 11. Bf2 a6 12. Bd3 Nc6 13. Bxf5 gxf5 14. O-O b5 15. Nd2
Kd7 16. Qb3 Ne7 17. a4 Qb8 18. axb5 Qxb5 19. Qxb5+ axb5 20. Rxa8 Rxa8 21. Bxh4
Ra2 22. Bxe7 Rxb2 23. Nf3 Kxe7 24. Ra1 Bh6 25. g3 b4 26. Kf1 Rb3 27. Ke2 Kd7
28. Ra6 Ra3 29. Rxa3 bxa3 30. Ne1 a2 31. Nc2 Kc6 32. Kd3 Kb5 33. Kc3 Ka4 34.
Kb2 a1=Q+ 35. Nxa1 Kb4 36. Kc2 Kc4 37. Nb3 Bg7 38. g4 fxg4 39. hxg4 Bh6 40. f5
Be3 41. fxe6 fxe6 42. Na5+ {=} Kxd4 43. Nc6+ Ke4 44. g5 Bxg5 45. Kc3 Bf4 46.
Kb4 d4 47. Kc4 d3 48. Nb4 d2 49. Nd3 Ke3 50. Nxf4 Kxf4 0-1

[Event "OBBEM Oberbayern 2014"]
[Site "Rosenheim"]
[Date "2014.06.01"]
[Round "7.10"]
[White "Schewzow, Juri"]
[Black "Bergerhoff, Andreas"]
[Result "1/2-1/2"]
[WhiteElo "1797"]
[BlackElo "1947"]
[Annotator "Frese, Daniel"]
[PlyCount "106"]
[SourceDate "2014.07.22"]

1. Nf3 c5 2. c4 Nc6 3. Nc3 g6 4. g3 Bg7 5. Bg2 e5 6. e3 Nge7 7. d3 O-O 8. O-O
d6 9. a3 f5 10. Qc2 h6 11. b3 g5 12. Bb2 f4 13. Ne2 g4 14. exf4 gxf3 15. Bxf3
Nd4 16. Bxd4 cxd4 17. Rac1 Ng6 18. Be4 exf4 19. Bxg6 f3 20. Be4 Bg4 21. Nf4
Rxf4 22. gxf4 Qh4 23. Kh1 Bh3 24. Rg1 Bg2+ 25. Rxg2 fxg2+ 26. Kxg2 Qxf4 27. c5
Be5 28. Rg1 Kh8 29. Kf1 Rc8 30. b4 Qf7 31. Rg6 Bf4 32. Qc4 Qxc4 33. dxc4 dxc5
34. Bxb7 Rb8 35. Rf6 Bc1 36. Bd5 Bxa3 37. b5 d3 38. Rxh6+ Kg7 39. Ra6 Bb4 40.
Rxa7+ Kf6 41. Rd7 Re8 42. Bf3 Re1+ 43. Kg2 d2 44. b6 Ba5 45. b7 Rb1 46. Rd5
Rxb7 47. Rxc5 Bc3 48. Rd5 Rg7+ 49. Kf1 Rh7 50. Kg2 Rg7+ 51. Kh1 Rh7 52. Bg4 Rc7
53. Rf5+ Kg6 1/2-1/2